000 003070000a22000970004500
100 1 _aKeith, Graham A.
245 1 0 _aOur knowledge of God : The relevance of the debate between eunomius and the cappadocians
300 _aVol. 1, Num. 41 (Mayo, 1990), Páginas 60-88
773 0 _tTyndale Bulletin
942 _cANA
999 _c56693
_d56693